Statistics for Emirates of the United Arab Emirates

Click here to take the quiz!

General Stats

  • This quiz has been taken 26 times
  • The average score is 6 of 7

Answer Stats

Answer% Correct
Abu Dhabi
100%
Dubai
100%
Sharjah
86%
Fujairah
82%
Ajman
77%
Ras Al-Khaimah
73%
Umm Al-Quwain
68%

Score Distribution

Percentile by Number Answered

Percent of People with Each Score

Your Score History

You have not taken this quiz